Tourism and the economy : understanding the economics of tourism

Αποθηκεύτηκε σε:
Λεπτομέρειες βιβλιογραφικής εγγραφής
Κύριος συγγραφέας: Mak, James
Μορφή: Βιβλίο
Γλώσσα:English
Δημοσίευση: Honolulu : University of Hawai'i Press, c2004
Θέματα:
Ετικέτες: Προσθήκη ετικέτας
Δεν υπάρχουν, Καταχωρήστε ετικέτα πρώτοι!

MARC

LEADER 00000nam a2200000 i 4500
001 1/81879
008 080411s2004 eng d
020 |a 0-8248-2789-9 
035 |l 10096550 
040 |a GR-MY-UA  |b gre  |e aacr 
041 0 |a eng 
082 0 |a 338.4791  |2 (22) 
100 1 |a Mak, James. 
245 1 0 |a Tourism and the economy :  |b understanding the economics of tourism /  |c James Mak 
260 |a Honolulu :   |b University of Hawai'i Press,   |c c2004 
300 |a xi, 267 σ.;  |b εικ.;  |c 23 εκ. 
504 |a Βιβλιογραφία : σ. 241-261 . Ευρετήριο 
650 0 0 |a Tourism. 
852 |a INST  |b CHIOS  |e 20080411  |h 338.4791 MAK  |p 005200027375  |q 005200027375  |t BK  |y 0 
901 |a BIBL2-2008-1 
909 |a Χ  |b 151740 
922 |a 2ΕΛΗ  |b 200803  |c ΕΠΕΑΕΚ2/ΤΔΕ  |d ΕΛΕΥΘΕΡΟΥΔΑΚΗΣ 
970 |a ΒΑΡΦΗΣ  |b ΒΑΓΓΕΛΗΣ  |z 2008/04/11